00652nam a2200217Ia 450000500170000000800410001702000190005804000190007704100120009608200110010810000240011924500630014326000310020630000180023765000240025570000250027985000100030494200070031499900160032195200970033720220829101120.0131103s9999 xx 000 0 und d a743415019c4.5 aLoreto College aEnglish aFbCLA aClark, Mary Higgins aDeck the HallscMary Higgins Clark and Carol Higgins Clark aLondonbPocket Booksc2000 a202p, 17 c.m. aFiction, Suspense  aClark, Carol Higgins aLCLIB cBK c2173d52652 00102ddc4070aMAINbMAINd2013-11-04l0oF CLA 42349pB1049r2013-11-04w2013-11-04yBKf